header

The lost villages (Record no. 8797)

MARC details
000 -LEADER
fixed length control field 01499nam a2200361 a 4500
001 - CONTROL NUMBER
control field ebr10267553
003 - CONTROL NUMBER IDENTIFIER
control field CaPaEBR
006 - FIXED-LENGTH DATA ELEMENTS--ADDITIONAL MATERIAL CHARACTERISTICS--GENERAL INFORMATION
fixed length control field m u
007 - PHYSICAL DESCRIPTION FIXED FIELD--GENERAL INFORMATION
fixed length control field cr cn|||||||||
008 - FIXED-LENGTH DATA ELEMENTS--GENERAL INFORMATION
fixed length control field 081001s2008 enkab sb 001 0 eng
010 ## - LIBRARY OF CONGRESS CONTROL NUMBER
Canceled/invalid LC control number 2008300201
015 ## - NATIONAL BIBLIOGRAPHY NUMBER
National bibliography number GBA804748
Source bnb
016 7# - NATIONAL BIBLIOGRAPHIC AGENCY CONTROL NUMBER
Canceled or invalid record control number 014487970
Source Uk
020 ## - INTERNATIONAL STANDARD BOOK NUMBER
Cancelled/invalid ISBN 9781845116712 (hbk.)
Cancelled/invalid ISBN 1845116712 (hbk.)
040 ## - CATALOGING SOURCE
Original cataloging agency CaPaEBR
Transcribing agency CaPaEBR
035 ## - SYSTEM CONTROL NUMBER
System control number (OCoLC)313411712
043 ## - GEOGRAPHIC AREA CODE
Geographic area code e-uk---
050 14 - LIBRARY OF CONGRESS CALL NUMBER
Classification number DA566.2
Item number .B79 2008eb
082 04 - DEWEY DECIMAL CLASSIFICATION NUMBER
Classification number 941.009734
Edition number 22
100 1# - MAIN ENTRY--PERSONAL NAME
Personal name Buckton, Henry.
245 14 - TITLE STATEMENT
Title The lost villages
Medium [electronic resource] :
Remainder of title in search of Britain's vanished communities /
Statement of responsibility, etc Henry Buckton.
260 ## - PUBLICATION, DISTRIBUTION, ETC. (IMPRINT)
Place of publication, distribution, etc London ;
-- New York :
Name of publisher, distributor, etc I.B. Tauris ;
Place of publication, distribution, etc New York :
Name of publisher, distributor, etc In the United States of America and Canada distributed by Palgrave Macmillan,
Date of publication, distribution, etc 2008.
300 ## - PHYSICAL DESCRIPTION
Extent vii, 246 p. :
Other physical details ill., map.
504 ## - BIBLIOGRAPHY, ETC. NOTE
Bibliography, etc Includes bibliographical references (p. 237-238) and index.
533 ## - REPRODUCTION NOTE
Type of reproduction Electronic reproduction.
Place of reproduction Palo Alto, Calif. :
Agency responsible for reproduction ebrary,
Date of reproduction 2013.
Note about reproduction Available via World Wide Web.
-- Access may be limited to ebrary affiliated libraries.
650 #0 - SUBJECT ADDED ENTRY--TOPICAL TERM
Topical term or geographic name as entry element Extinct cities
Geographic subdivision Great Britain.
Topical term or geographic name as entry element Country life
Geographic subdivision Great Britain
General subdivision History
Chronological subdivision 20th century.
651 #0 - SUBJECT ADDED ENTRY--GEOGRAPHIC NAME
Geographic name Great Britain
General subdivision Rural conditions
Chronological subdivision 20th century.
655 #7 - INDEX TERM--GENRE/FORM
Genre/form data or focus term Electronic books.
Source of term local
710 2# - ADDED ENTRY--CORPORATE NAME
Corporate name or jurisdiction name as entry element ebrary, Inc.
856 40 - ELECTRONIC LOCATION AND ACCESS
Uniform Resource Identifier <a href="http://site.ebrary.com/lib/rucke/Doc?id=10267553">http://site.ebrary.com/lib/rucke/Doc?id=10267553</a>
Public note An electronic book accessible through the World Wide Web; click to view

No items available.

© 2026 Rongo University
Contact us: librarian | system librarian | Rongo university